000 01062cam a22003137a 4500
003 CHAP
005 20220329141416.0
008 971013s1986 r 00010 d
010 _a67702
011 _a68674
035 _a78147
040 _cCHAP
090 _aTesis
100 0 0 _aGarcía Sosa, Sacramento Honorio.
_946662
245 0 _aImplementación del proyecto para la puesta en marcha de la fáfrica Chapa y Triplay de Michoacán
260 _aChapingo, Méx. :
_bEl autor,
_c1986
300 _a174 p.
_b: ilus. ; gráfs.
502 _aTesis (Ing. Agrónomo esp. en Bosques) -- UACH. División de Ciencias Forestales
590 _aALEPH
_b10
_c20130110
_lUCH01
_h1403
590 _aBATCH-UPD
_b10
_c20130110
_lUCH01
_h0604
590 _aBATCH-UPD
_b10
_c20130410
_lUCH01
_h0246
590 _aBATCH-UPD
_b10
_c20130914
_lUCH01
_h1530
590 _aCONVERSION
_b10
_c20130109
_lUCH01
_h1337
650 1 4 _aProyectos industriales.
_992531
650 1 4 _aTriplay.
_9115171
901 _aBK
942 _cTESIS
949 _bBC
_cTES
_d-31021
_eTS1
_h19383
_i78147
_si
999 _c67702
_d67702